000 00735nam a22002417a 4500
003 OSt
008 260620b |||||||| |||| 00| 0 eng d
020 _a9789363461635
082 _a333.73153
_bK16R
245 _aRegeneration Landscapes : integrating sustainable land management with ecological restoration /
_cedited by Tarun Kant and Aditi Tailor
260 _a.- New Delhi
_b: Scientific Publishers
_c, 2025
300 _axiv. 252 p.
650 _aSocial Sciences
650 _aEconomics
650 _aRestoration Ecology
650 _aLandscapes
650 _aLand use
650 _aLandscape Protection
650 _aSustainable Development
700 _aKant, Tarun.
700 _aTailor, Aditi.
942 _2ddc
_cBK
999 _c52168
_d52168